Statistics for Top countries with most crime rate

Click here to take the quiz!

General Stats

  • This quiz has been taken 69 times
  • The average score is 5 of 10

Answer Stats

Crime rateAnswer% Correct
84.36Venezuela
89%
68.31Brazil
67%
76.65Honduras
56%
77.29South africa
56%
67.84El salvador
47%
76.97Afghanistan
45%
67.42Syria
45%
63.15Guyana
24%
80.04Papua new
18%
72.43Trinidad
13%

Score Distribution

Percentile by Number Answered

Percent of People with Each Score

Your Score History

You have not taken this quiz